INFORME FINAL DE EJERCICIO PROFESIONAL SUPERVISADO REALIZADO EN LA MUNICIPALIDAD DE SAN JUAN CHAMELCO, DEPARTAMENTO DE ALTA VERAPAZ./ (Registro nro. 2031)

Detalles MARC
000 -LEADER
campo de control de longitud fija 03744nam a22003377a 4500
001 - NÚMERO DE CONTROL
campo de control TIC 0042
003 - IDENTIFICADOR DE NÚMERO DE CONTROL
campo de control gtcocun
005 - FECHA Y HORA DE LA ÚLTIMA TRANSACCIÓN
campo de control 20250922154951.0
006 - CÓDIGOS DE INFORMACIÓN DE LONGITUD FIJA--CARACTERÍSTICAS DEL MATERIAL ADICIONAL
campo de control de longitud fija a||||gr|||| 00| 0
007 - CAMPO FIJO DE DESCRIPCIÓN FÍSICA--INFORMACIÓN GENERAL
campo de control de longitud fija ta
008 - DATOS DE LONGITUD FIJA--INFORMACIÓN GENERAL
campo de control de longitud fija 250922b2024 gt ||||| m||| 00| 0 eng d
040 ## - FUENTE DE CATALOGACIÓN
Centro catalogador/agencia de origen gtcocun
Lengua de catalogación SPA
Centro/agencia transcriptor gtcocun
Normas de descripción RDA
041 ## - CÓDIGO DE IDIOMA
Código de lengua del texto/banda sonora o título independiente SPA TIC 0042
084 ## - OTRO NÚMERO DE CLASIFICACIÓN
Número de control del registro de autoridad o número normalizado TIC 0042
100 ## - ENTRADA PRINCIPAL--NOMBRE DE PERSONA
Nombre de persona Buenafé Ramírez, César Antonio
Término indicativo de función/relación Autor
245 ## - MENCIÓN DEL TÍTULO
Título INFORME FINAL DE EJERCICIO PROFESIONAL SUPERVISADO REALIZADO EN LA MUNICIPALIDAD DE SAN JUAN CHAMELCO, DEPARTAMENTO DE ALTA VERAPAZ./
Mención de responsabilidad, etc. César Antonio Buenafé Ramírez.
Medio Impreso
264 ## - PRODUCCIÓN, PUBLICACIÓN, DISTRIBUCIÓN, FABRICACIÓN Y COPYRIGHT
Producción, publicación, distribución, fabricación y copyright Cobán, Alta Verapaz:
Nombre del de productor, editor, distribuidor, fabricante Universidad de San Carlos de Guatemala, Centro Universitario del Norte, Ingeniería Civil
Fecha de producción, publicación, distribución, fabricación o copyright 2024
300 ## - DESCRIPCIÓN FÍSICA
Extensión 295 p.:
Otras características físicas Ilustraciones, gráficas.
Dimensiones 28 cm;
300 ## - DESCRIPCIÓN FÍSICA
Dimensiones PDF
336 ## - TIPO DE CONTENIDO
Fuente rdacontenido
Término de tipo de contenido Texto
Código de tipo de contenido txt
337 ## - TIPO DE MEDIO
Fuente rdamedio
Nombre/término del tipo de medio Computadora
Código del tipo de medio n
338 ## - TIPO DE SOPORTE
Fuente rdasoporte
Nombre/término del tipo de soporte Código en línea
Código del tipo de soporte cr
502 ## - NOTA DE TESIS
identificador de la tesis TIC 0042
502 ## - NOTA DE TESIS
Nota de tesis Tesis de grado
Tipo de título Ingeniería Civil,
Nombre de la institución que otorga el título Universidad de San Carlos de Guatemala, Centro Universitario del Norte, Ingeniería Civil
Año de obtención del título 2024
Identificador de la tesis TIC 0042
520 14 - RESUMEN, ETC.
Sumario, etc. El ejercicio profesional supervisado fue llevado a cabo en la Municipalidad de San Juan Chamelco, Alta Verapaz, bajo la supervisión del Centro Universitario del Norte en conjunto con el Programa de EPSUM. En este informe se presenta de forma detallada la propuesta técnica para abordar necesidades de infraestructura civil en el municipio de San Juan Chamelco, con el objetivo de promover su desarrollo. Este se extendió a lo largo de 8 meses<br/>y se dividió en las siguientes etapas: diagnóstico, plan de trabajo, ejecución de actividades y presentación de los resultados finales.<br/><br/>Durante la primera etapa, el diagnóstico, se llevó a cabo una investigación que se centró en las necesidades de servicios esenciales en infraestructura para el desarrollo del municipio de San Juan Chamelco. Durante esta fase, se identificaron y clasificaron estas necesidades en función de su relevancia, con el propósito de desarrollar soluciones efectivas. Basándose en los hallazgos de la investigación, se decidió enfocar el diseño y la planificación en tres situaciones, dos de ellas en relación a infraestructura vial en diferentes comunidades del municipio y una en relación a los diferentes servicios que presta la municipalidad a los<br/>habitantes del pueblo, el diseño de un edificio para oficinas municipales.<br/><br/>En la fase del plan de trabajo, se realizó un informe detallado y el cronograma en cada uno de los proyectos designados para elaborar, sobre las actividades a realizar para el diseño de estos.<br/><br/>Para la fase de ejecución se llevó a cabo las actividades descritas en el plan de trabajo, se trató de cumplir con los tiempos de trabajo y diseño indicados en los cronogramas de cada uno de los proyectos asignados. En esta etapa aplicamos los conocimientos adquiridos a lo<br/>largo de nuestra formación académica universitaria, y generar un valioso intercambio de ideas y retroalimentación con profesionales supervisores. Esta colaboración permitió desarrollar enfoques efectivos para abordar desafíos técnicos específicos relacionados con la elaboración de los diseños.<br/><br/>Por último, se exponen el análisis de los resultados, las conclusiones y las recomendaciones para el desarrollo de estos proyectos.
650 14 - PUNTO DE ACCESO ADICIONAL DE MATERIA--TÉRMINO DE MATERIA
Fuente del encabezamiento o término LEMB
Subdivisión general Ingeniería
-- Diseño
-- Ejecución
-- Fase
-- Infraestructura
-- Investigación
700 ## - ENTRADA AGREGADA--NOMBRE PERSONAL
Nombre de persona Ing. Civil. Jorge Haroldo Dubon Xitumul
Término indicativo de función/relación Asesor
856 ## - LOCALIZACIÓN Y ACCESO ELECTRÓNICOS
Identificador Uniforme de Recurso <a href="https://drive.google.com/file/d/12Ioy-mBlNy8fdzjw5Mp8AHDWz53PSgQW/view">https://drive.google.com/file/d/12Ioy-mBlNy8fdzjw5Mp8AHDWz53PSgQW/view</a>
Texto de enlace PDF
Nota pública Un ejemplar en línea.
942 ## - ELEMENTOS DE ENTRADA SECUNDARIOS (KOHA)
Fuente de la clasificación o esquema de estantería Clasificación Decimal Dewey
Tipo de ítem Koha TESIS
Parte de la signatura que identifica el ejemplar (Parte del ítem) TIC 0042
Prefijo de la signatura Clasificación
Suprimir en OPAC No
-- TIC_0042_000000000000000
Existencias
Estatus retirado Estado de pérdida Fuente de la clasificación o esquema de estantería Estado de daño No para préstamo Colección Biblioteca de origen Biblioteca actual Ubicación en estantería Fecha de adquisición Número de inventario Total de préstamos Signatura topográfica completa Código de barras Visto por última vez Precio de reemplazo Tipo de ítem Koha
    Clasificación Decimal Dewey     tesis BIBLIOTECA- CUNOR -JOSÉ LUIS GONZALES ROSALES BIBLIOTECA- CUNOR -JOSÉ LUIS GONZALES ROSALES Colección tesis 16/09/2025 TIC 0042   TIC 0042 TIC 0042 16/09/2025 16/09/2025 TESIS